| Registos Bibliográficos associados ao registo de autoridade |
|
Etiqueta de registo: 00254nam 2200025 450 001 2229832 003 http://id.bnportugal.gov.pt/bib/catbnp/2229832 010 ## $a978-972-25-4884-7 021 ## $aPT$b550700/25 100 ## $a20251027d2025 m y0pory01030103ba 101 1# $apor 102 ## $aPT 105 ## $ay z 000ay 106 ## $ar 200 1# $aHuris$fKamel Daoud$gtrad. Telma Costa 205 ## $a1ª ed 210 #9 $aLisboa$cBertrand,$d2025 215 ## $a335, [1] p.$d24 cm 304 ## $aTít. orig.: Houris 675 ## $a821.133.1(65)-31"20"$vBN$zpor$31054900 700 #1 $aDaoud,$bKamel,$f1970-$31650676 702 #1 $93$aCosta,$bTelma$4730$324753 801 #0 $aPT$bBN$gRPC 856 41 $uhttp://rnod.bnportugal.gov.pt/ImagesBN/winlibimg.aspx?skey=&doc=2229832&img=214194&save=true 900 ## $aBIBNAC$d20251106 966 ## $lBN$mFGMON$sL. 178891 V.$x1 966 ## $lBN$mFGMON$sL. 178891 V.-D$x1 971 ## $ciquintas$d20251027 972 ## $e0$z0$d20251106$vasantos 973 ## $cacosta$d20251028
Etiqueta de registo: 00000nam 2200025 450 001 1935677 003 http://id.bnportugal.gov.pt/bib/catbnp/1935677 010 ## $a978-989-8580-34-4 021 ## $aPT$b391858/15 100 ## $a20160704d2015 m y0pory01030103ba 101 1# $apor$cfre 102 ## $aPT 105 ## $ay z 000ay 106 ## $ar 200 1# $aMeursault, contra-investigação$fKamel Daoud$gtrad. Inês Pedrosa 210 #9 $aLisboa$cTeodolito,$d2015 215 ## $a135 p.$d24 cm 225 2# $aFicção 304 ## $aTít. orig.: Meursault, contre-enquête 675 ## $a821.133.1(65)-31"20"$vBN$zpor$31054900 700 #1 $aDaoud,$bKamel,$f1970-$31650676 702 #1 $aPedrosa,$bInês,$f1962-$4730$354516 801 #0 $aPT$bBN$gRPC 856 41 $uhttp://rnod.bnportugal.gov.pt/ImagesBN/winlibimg.aspx?skey=&doc=1935677&img=79977&save=true 900 ## $aBIBNAC$d20160728 966 ## $lBN$mFGMON$sL. 136074 V.$x1 966 ## $lBN$mFGMON$sL. 136074 V.-D$x1
Etiqueta de registo: 00254nam 2200025 450 001 2288115 003 http://id.bnportugal.gov.pt/bib/catbnp/2288115 010 ## $a978-989-576-404-4 021 ## $aPT$b563651/26 100 ## $a20260617d2026 m y0pory01030103ba 101 1# $apor$cfre 102 ## $aPT 105 ## $ay z 000yy 106 ## $ar 200 1# $aPor vezes é preciso trair$fKamel Daoud$gtrad. Sara Sousa Gomes 205 ## $a1ª ed 210 #9 $aLisboa$cGuerra e Paz,$d2026 215 ## $a77 p.$d23 cm 304 ## $aTít. orig.: Il fault parfois trahir 700 #1 $aDaoud,$bKamel,$f1970-$31650676 702 #1 $aGomes,$bSara Sousa$4730$31628787 801 #0 $aPT$bBN$gRPC 966 ## $lBN$mFGMON$x1 966 ## $lBN$mFGMON$x1 971 ## $cabrito$d20260617
|
|
|